000 00827nam a22002777a 4500
001 0007799
003 KOHA_MİRAKIL
005 20260207001611.0
007 ta
008 091005b2002 tu |||gr||||#||||0|tur |
020 _a9758378473
040 _aTR-BiSEU
_btur
_cTR-BiSEU
_erda
041 0 _atur
044 _ctu
050 _aHD37
_b.T65 2002
100 1 _aToktamışoğlu, Murat.
245 1 _aKot pantolonlu yönetici :
_biş yaşamında akıl ve ruhun sentezi/
_cMurat Toktamışoğlu ; Murat Toktamışoğlu.
264 1 _aAnkara :
_bMediaCat, c2002
_c2002
300 _a323 sayfa: resimli
336 _ametin
_btxt
_2rdacontent
337 _aaracısız
_bn
_2rdamedia
338 _acilt
_bnc
_2rdacarrier
500 _aKaynakça var.
650 0 _aYönetim teknikleri--Liderlik.
_919362
942 _2lcc
_cBK
999 _c7776
_d7776